| 000 | 00786nam a2200265 i 4500 | ||
|---|---|---|---|
| 001 | bg | ||
| 100 | 1 | _aKORPIKIEWICZ, Honorata | |
| 245 | 1 | 0 |
_aKoncepcja wzrostu entropii a rozwój świata / _cHonorata Korpikiewicz. |
| 260 |
_aPoznań : _bWydaw. Naukowe UAM, _c1998. |
||
| 300 |
_a218, [1] s. : _brys., wykr. ; _c24 cm. |
||
| 490 | 1 |
_aSeria Filozofia i Logika, _x0083-4246 ; _vnr 79 |
|
| 500 | _aStreszcz. ang. | ||
| 504 | _aBibliogr. s. 215-218. | ||
| 650 | 9 |
_aFizyka _xfilozofia |
|
| 650 | 9 |
_aPrzyroda _xfilozofia |
|
| 650 | 9 | _aEntropia | |
| 830 |
_aSeria Filozofia i Logika, _x0083-4246 ; |
||
| 020 | _a8323208972 | ||
| 040 | _cBPK | ||
| 041 | 0 |
_apl _ben |
|
| 080 | _a113/119:536.7 | ||
| 920 | _a83-232-0897-2 | ||
| 942 | _cKS | ||
| 008 | s pl f |000 0 pol | ||
| 999 |
_c36726 _d36726 |
||
| 856 |
_uhttp://koha.tu.koszalin.pl/cgi-bin/koha/opac-detail.pl?biblionumber=36726 _yKatalog online BPK |
||